Quizzes
Events
Quiz Creation
Community
Videos
Private Events
Remove Ads
Sign In
Join for FREE
Feedback
Dark Mode
Quiz Categories
Sports
Geography
Music
Movies
Television
Just For Fun
Miscellaneous
History
Literature
Language
Science
Gaming
Entertainment
Religion
Holiday
For Kids
Quiz Lab
Recent
Popular Today
Quiz Kudos Today
Editor Picks
Curator Picks
Quizzes by...
Day
Popularity
Type
Ratings
Length
Year
Community
Subscriptions
Recent Discussions
Orange Saloon
Badges
Playlists
Quests
Create
Leaderboards
Showdown
Live 5
Trivia Bingo
Activity
Puzzle Library
Sporcle Events
Private Events
Virtual Trivia
Globe League
Become a Host
Pub Owners
SporcleCon
Opinionation
Our Games
Videos
Blog
Mobile Apps
Partnerships
Remove Ads and Go Orange
Feedback
Gaming
Video Games
Board Games
Card Games
Pokémon
Mario
Nintendo
Minecraft
Console
Toys
Legend of Zelda
Gaming
Video Games
Board Games
Card Games
Pokémon
Mario
Nintendo
Minecraft
Console
Toys
Legend of Zelda
Random Quiz
Search Sporcle
×
Quiz Lab
Quiz Lab
Gaming
Pokémon
Type in answers that appear in a list
Type in answers that appear in a list
Classic
Best Score? Go Orange.
Gen 5 Pokemon Quiz Stats
Can you name the Gen 5 Pokemon Quiz?
By
FluffiestZorua
15m
156 Questions
463 Plays
463 Plays
463 Plays
Comments
Comments
Give Quiz Kudos
Give Quiz Kudos
-
- Ratings
hide this ad
Replay
Link that replays current quiz
Next Quiz
Link to next quiz in quiz playlist
You Got
0%
They Got
Avg Score
59%
Avg Friend Score
Upgrade to see
Score Distribution
Jump to the score distribution portion of the page
Score
0/156
Timer
15:00
0
Plays Today
Pokedex Number
Pokemon
% Correct
495
Snivy
96.9%
498
Tepig
96.7%
500
Emboar
94.3%
496
Servine
92.5%
501
Oshawott
92.5%
502
Dewott
92.3%
497
Serperior
92.1%
494
Victini
91.6%
499
Pignite
91.4%
503
Samurott
90.3%
519
Pidove
84.5%
504
Patrat
82.8%
505
Watchog
82.8%
646
Zekrom
80.4%
511
Pansage
79.9%
645
Reshiram
79.9%
512
Simisage
79.7%
513
Pansear
79.5%
515
Panpour
79.2%
520
Tranquil
79.2%
506
Lillipup
78.6%
516
Simipour
78.6%
514
Simisear
78.4%
507
Herdier
77.7%
508
Stoutland
76.6%
510
Liepard
72.8%
509
Purrloin
72.6%
648
Kyurem
72.6%
543
Leavanny
70.2%
641
Terrakion
70%
541
Sewaddle
69.5%
612
Axew
69.5%
640
Cobalion
69.5%
642
Virizion
68.9%
552
Sandile
68.2%
523
Zebstrika
67.5%
614
Haxorus
67.3%
647
Landorus
67.3%
517
Munna
66.9%
649
Keldeo
66.9%
643
Tornadus
66.7%
522
Blitzle
66.2%
518
Musharna
65.8%
635
Deino
65.8%
637
Hydreigon
65.8%
542
Swadloon
64.9%
544
Venipede
64.9%
546
Scolipede
64.7%
589
Emolga
64.2%
540
Sawk
64%
613
Fraxure
64%
644
Thundurus
64%
Pokedex Number
Pokemon
% Correct
525
Boldore
63.8%
545
Whirlipede
63.8%
524
Roggenrola
63.4%
650
Meloetta
63.4%
526
Gigalith
63.1%
651
Genesect
63.1%
532
Timburr
62.7%
554
Krookodile
62.7%
556
Darumaka
62.5%
530
Excadrill
62.3%
553
Krokorok
62.3%
529
Drilbur
62%
557
Darmanitan
61.8%
636
Zweilous
61.6%
539
Throh
61.4%
534
Gurdurr
60.7%
535
Conkeldurr
60.7%
536
Tympole
59.4%
564
Yamask
59.4%
537
Palpitoad
57.8%
616
Beartic
57.8%
615
Cubchoo
57.2%
531
Audino
57%
538
Seismitoad
56.7%
609
Litwick
56.7%
572
Zorua
56.3%
611
Chandelure
56.3%
601
Klink
55.6%
573
Zoroark
55.4%
565
Cofagrigus
55.2%
583
Swanna
55%
638
Larvesta
54.5%
582
Ducklett
54.3%
610
Lampent
54.3%
623
Druddigon
53.9%
579
Solosis
53.6%
576
Gothita
53.4%
578
Gothitelle
53.4%
580
Duosion
53.4%
584
Vanillite
53.2%
603
Klinklang
53.2%
602
Klang
53%
527
Woobat
52.8%
528
Swoobat
52.3%
586
Vanilluxe
52.3%
597
Joltik
52.3%
581
Reuniclus
52.1%
577
Gothorita
51.9%
585
Vanillish
51.4%
627
Bisharp
51.4%
568
Archen
51.2%
569
Archeops
51%
Pokedex Number
Pokemon
% Correct
551
Basculin
50.8%
598
Galvantula
50.6%
630
Braviary
50.3%
604
Tynamo
49.9%
563
Sigilyph
49.7%
595
Jellicent
49.7%
567
Carracosta
49.4%
570
Trubbish
49.4%
594
Frillish
49.4%
550
Lilligant
49.2%
560
Crustle
49.2%
626
Pawniard
49.2%
559
Dwebble
49%
571
Garbodor
48.6%
624
Golett
47.9%
625
Golurk
47.9%
632
Mandibuzz
47.5%
634
Durant
47.5%
549
Petilil
47.2%
558
Maractus
47%
629
Rufflet
47%
547
Cottonee
46.6%
521
Unfeazant
46.4%
587
Deerling
46.1%
633
Heatmor
45.9%
566
Tirtouga
45.7%
562
Scrafty
45%
606
Eelektross
44.8%
631
Vullaby
44.8%
588
Sawsbuck
44.6%
618
Shelmet
44.6%
548
Whimsicott
44.4%
561
Scraggy
44.4%
590
Karrablast
42.8%
619
Accelgor
42.8%
605
Eelektrik
42.4%
574
Minccino
42.2%
575
Cinccino
42.2%
639
Volcorona
41.7%
591
Escavalier
41.1%
599
Ferroseed
40.8%
600
Ferrothorn
40.4%
621
Mienfoo
39.5%
622
Mienshao
39.3%
620
Stunfisk
39.1%
593
Amoongus
38.4%
628
Bouffalant
36.6%
592
Foongus
36.4%
607
Elgyem
32.9%
596
Alomomola
31.3%
608
Beheeyem
31.3%
617
Cryagonal
25.2%
Quiz Playlist
Details
Report
Send in Message
Add To Playlist
Classic:
Type in answers that appear in a list
Last Updated: Sep 15, 2019
Quiz Scoreboard
CHALLENGE
Sign Up to Join the Scoreboard
Show All
Scores
Hide
Comments
May contain spoilers
Recently Published
College Basketball Coaching Resumes
by pancakes188
Sports
9m
Billboard Blitz: Fleetwood Mac
by CooCooCachoo
Music
15s
Presidents Visiting Landmarks
by Hejman
History
7m
More to Explore
Quiz From the Vault
Featured Blog Post
Where Did the Easter Bunny Come From?
hide this ad
You Might Also Like...
Tags
Pokémon Quiz
gen
Gen 5
Pokedex
Today's Top Quizzes in Gaming
Browse Gaming
hide this ad
Today's Top Quizzes in Pokémon
Browse Pokémon
Top Contributed Quizzes in Gaming
1
5-to-1: Consoles
2
7-to-1: Board Game Piece Blitz
3
5-to-1: Legend of Zelda
4
Destiny 2 exotic weapons by perk icons
5
League of Legends Pro Players by Career/Team History
6
Ultimate Genshin Impact Logic Puzzle (up to 4.3)
7
Franchise by Action Figure
8
Who's on the WWE 2K24 Cover?
9
Genshin Impact Logic Puzzle Quiz
10
Overwatch Logic Puzzle
Explore More
Trending Topics
Marvel
Harry Potter
NBA
Kpop
Disney
Anime
Crossword
Soccer
NFL
The Office
Puzzle
Song
Country
WWE
Pokémon
hide this ad
More By:
FluffiestZorua
Quiz
Plays
Rating
Category
Featured
Created
Gen 5 Pokemon Quiz
463
1.00
Gaming
Sep 15, 2019
Name All Gen 8 Pokémon!
123
Gaming
Mar 14, 2020
Go to Creator's Profile
Score Distribution
Quiz Creator Spotlight
FluffiestZorua
Follow
Send a Message
Quizzes Created
-
Created Quiz Play Count
-
More By This Creator
Popular Quizzes Today
1
Find the US States - No Outlines Minefield
2
Find the Countries of Europe - No Outlines Minefield
3
The Countries of the World
4
Find the US States
5
Risky Map Clicking: Biggest States A-Z
6
US States
7
Popular People in 1961
8
Movies - When Are They Set?
More Gaming Quizzes
Resident Evil Games
Quiz Lab
Trending Quizzes
Risky Map Clicking: Least Populous States A-Z
1-10 Letter G Words
1-10 Letter F Words
Risky Map Clicking: Next State Alphabetically
Risky Map Clicking: Biggest States A-Z
Recently Updated
Leaping Animals
pecheneg
Reality TV Shows (A-Z)
bhenderson79
Rickey Henderson's Hall of Fame Teammates
pecheneg
Champions League XIs: Arsenal
pecheneg
Quick Pick: Celebrities in WWE's Hall of Fame
aduchscher
A-Z Keypad Blitz II
pecheneg
Multiple Oscar Actors
pecheneg
Mystery Phrase Blitz: Oscar 'Best Actors'
pecheneg
F. Scott Fitzgerald Novels
LTH
Pick 3 Villains
ddd62291
Trending Topics
Harry Potter
Kpop
Disney
Crossword
Marvel
NBA
Anime
NFL
Puzzle
Soccer
WWE
Pokémon
Song
The Office
Country
Your Account Isn't Verified!
In order to create a playlist on Sporcle, you need to verify the email address you used during registration. Go to your
Sporcle Settings
to finish the process.
Report this User
Report this user for behavior that violates our
Community Guidelines
.
Details:
Send Report
Go to the Sporcle.com Mobile Site →
Comments